আঁদ্রে মোরোয়া : (Record no. 39946)
[ view plain ]
| 000 -LEADER | |
|---|---|
| fixed length control field | 01047nam a2200241 a 4500 |
| 001 - CONTROL NUMBER | |
| control field | 39946 |
| 003 - CONTROL NUMBER IDENTIFIER | |
| rucl marc code | BD-RjUL |
| 005 - DATE AND TIME OF LATEST TRANSACTION | |
| control field | 20211209053111.0 |
| 008 - FIXED-LENGTH DATA ELEMENTS--GENERAL INFORMATION | |
| fixed length control field | 160420s1967 bg |||| |||| 00| 0 ben d |
| 020 ## - INTERNATIONAL STANDARD BOOK NUMBER | |
| Terms of availability | : Tk. 6.50 |
| 035 ## - SYSTEM CONTROL NUMBER | |
| System control number | (BD-RjUL)40060 |
| 040 ## - CATALOGING SOURCE | |
| Original cataloging agency | BD-RjUL |
| Language of cataloging | ben |
| Transcribing agency | BD-RjUL |
| 041 ## - LANGUAGE CODE | |
| Language code of text/sound track or separate title | ben |
| 082 ## - DEWEY DECIMAL CLASSIFICATION NUMBER | |
| Edition number | 23 |
| Classification number | 809 |
| Author mark and year | MAS 1967 |
| 100 ## - MAIN ENTRY--PERSONAL NAME | |
| Personal name | মোরোয়া, আঁদ্রে |
| 9 (RLIN) | 123039 |
| 245 ## - TITLE STATEMENT | |
| Title | আঁদ্রে মোরোয়া : |
| Remainder of title | শিল্পীর সাধনা / |
| Statement of responsibility, etc. | আঁদ্রে মোরোয়া, অনুবাদক: আবু জাফর সামসুদ্দীন |
| 260 ## - PUBLICATION, DISTRIBUTION, ETC. (IMPRINT) | |
| Place of publication, distribution, etc. | ঢাকা : |
| Name of publisher, distributor, etc. | বাংলা একাডেমী, |
| Date of publication, distribution, etc. | ১৯৬৭ |
| 300 ## - PHYSICAL DESCRIPTION | |
| Pagination | [৮], ৩৩৫ পৃ.; |
| Size | ২২ সেমি. |
| 650 ## - SUBJECT ADDED ENTRY--TOPICAL TERM | |
| Topical term or geographic name as entry element | সাহিত্য |
| General subdivision | ইতিহাস ও সমালোচনা |
| Chronological subdivision | ১৯ শতক |
| 9 (RLIN) | 123040 |
| Topical term or geographic name as entry element | Literature |
| General subdivision | History and Criticism |
| Chronological subdivision | 19th |
| 9 (RLIN) | 123041 |
| 700 ## - ADDED ENTRY--PERSONAL NAME | |
| Personal name | সামসুদ্দীন, আবু জাফর |
| 942 ## - ADDED ENTRY ELEMENTS (KOHA) | |
| Source of classification or shelving scheme | Dewey Decimal Classification |
| Koha item type | Books |
| Lost status | Source of classification or shelving scheme | Damaged status | Not for loan | Collection code | Permanent Location | Current Location | Shelving location | Date acquired | Source of acquisition | Cost, normal purchase price | Total Checkouts | Full call number | Date last seen | Copy number | Koha item type | Date checked out |
|---|---|---|---|---|---|---|---|---|---|---|---|---|---|---|---|---|
| Dewey Decimal Classification | Not For Loan | Non-fiction | Central Library, University of Rajshahi | Central Library, University of Rajshahi | Reading Room | 30/01/1975 | Bangla Academy, Dhaka | 6.50 | B 809 MAA 1967 | 20/04/2016 | C-2 | Books | ||||
| Dewey Decimal Classification | Non-fiction | Central Library, University of Rajshahi | Central Library, University of Rajshahi | 30/01/1975 | Bangla Academy, Dhaka | 6.50 | B 809 MAA 1967 | 23/04/2016 | C-3 | Books | ||||||
| Dewey Decimal Classification | Non-fiction | Central Library, University of Rajshahi | Central Library, University of Rajshahi | 30/01/1975 | Bangla Academy, Dhaka | 6.50 | 1 | B 809 MAS 1967 | 22/11/2022 | C-4 | Books | 08/11/2022 | ||||
| Dewey Decimal Classification | Non-fiction | Central Library, University of Rajshahi | Central Library, University of Rajshahi | 10/07/1990 | Swakot Osman | B 809 MAS 1967 | 17/07/2016 | C-5 | Books | |||||||
| Dewey Decimal Classification | Non-fiction | Central Library, University of Rajshahi | Central Library, University of Rajshahi | Bangla Academy, Dhaka | 6.50 | B 809 MAS 1967 | 11/08/2016 | C-6 | Books | |||||||
| Dewey Decimal Classification | Non-fiction | Central Library, University of Rajshahi | Central Library, University of Rajshahi | 30/01/1975 | Bangla Academy, Dhaka | 6.50 | B 809 MAS 1967 | 11/08/2016 | C-7 | Books | ||||||
| Dewey Decimal Classification | Non-fiction | Central Library, University of Rajshahi | Central Library, University of Rajshahi | 30/01/1975 | Bangla Academy, Dhaka | 6.50 | B 809 MAS 1967 | 11/08/2016 | C-8 | Books | ||||||
| Dewey Decimal Classification | Non-fiction | Central Library, University of Rajshahi | Central Library, University of Rajshahi | 30/01/1975 | Bangla Academy, Dhaka | 6.50 | B 809 MAS 1967 | 11/08/2016 | C-9 | Books | ||||||
| Dewey Decimal Classification | Non-fiction | Central Library, University of Rajshahi | Central Library, University of Rajshahi | 30/01/1975 | Bangla Academy, Dhaka. | 6.50 | B 809 MAS 1967 | 17/08/2016 | C-10 | Books | ||||||
| Dewey Decimal Classification | Not For Loan | Non-fiction | Central Library, University of Rajshahi | Central Library, University of Rajshahi | Reading Room | 30/01/1975 | Bangla Academy | 6.50 | B 809 MAS 1967 | 14/03/2022 | C-1 | Books |